Statistics for Top 15 Countries with Covid-19 Cases - 18 Feb 2021

Click here to take the quiz!

General Stats

  • This quiz has been taken 9 times
  • The average score is 18 of 27

Answer Stats

country% Correct
Brazil
100%
Germany
100%
Russia
100%
United Kingdom
100%
United States
100%
Argentina
89%
France
89%
Belgium
78%
Colombia
78%
Italy
78%
Mexico
78%
Poland
78%
Spain
78%
Sweden
78%
India
67%
Portugal
67%
Czechia
56%
Israel
56%
Switzerland
56%
Turkey
56%
Netherlands
44%
Iran
33%
Lithuania
33%
Slovenia
33%
Bahrain
22%
Georgia
22%
Panama
22%

Score Distribution

Percentile by Number Answered

Percent of People with Each Score

Your Score History

You have not taken this quiz